000 00348pam a2200157a 44500
008 230515b2009 xxu||||| |||| 00| 0 eng d
020 _aNULL
041 _aHINDI
082 _a891.43/HUB
100 _aHBARD
245 _aDANETICS AKE VIDYAN KA VIKAS
250 _a1 ST ED
260 _aPUNE
_bNA
_c2009
300 _aVII/195
650 _aNULL
999 _c666751
_d666751